000 00331nam a2200097Ia 4500
008 220120s9999||||xx |||||||||||||| ||und||
100 _aSonali, Kavya M.S and Anju M
_912382
245 0 _aDesign and development of SBC - 2410X on embedded system
260 _aCoorg Institute of Technology
_bPonnampet
_c2012
650 _aCOMPUTER SCIENCE
999 _c137969
_d137969